000 00668nam a2200181Ia 4500
003 GCL
008 140319s9999 xx 000 0 ara d
040 _aGCL /
_cGCL
082 0 4 _a610.9
_bن م
100 1 _aابن النفيس : علاءالدين على بن ابى الحزم القرشى الدمشقى الشافعى
245 1 0 _aالموجز فى الطب /
_cابن النفيس : علاءالدين على بن ابى الحزم القرشى الدمشقى الشافعى
260 _a[S.N] :
_bدار الكتاب المصرى ،
_c1986
300 _a349 ص
490 _a
650 0 4 _aالطب
650 0 4 _aالطب العربى
942 _2ddc
_cBK
999 _c55778
_d55778